Neutečeš /
Akční kriminální román z pražského i severočeského podsvětí.
Uloženo v:
| Hlavní autor: | |
|---|---|
| Médium: | E-kniha |
| Jazyk: | Czech |
| Vydáno: |
Praha :
Maraton,
2025
|
| Vydání: | Vydání první |
| Edice: | Svět zločinu
|
| Témata: | |
| Tagy: |
Žádné tagy |
| LEADER | 02368nam a2200409 i 4500 | ||
|---|---|---|---|
| 001 | 312744 | ||
| 003 | CZ PrSKC | ||
| 005 | 20260601215728.0 | ||
| 007 | ta | ||
| 008 | 250417s2025 xr g 000 f cze | ||
| 015 | |a cnb003681927 | ||
| 020 | |a 9788088411390 |q (brožováno) : |c Kč 478,00 | ||
| 035 | |a (OCoLC)1527578333 | ||
| 040 | |a ABG001 |b cze |d ABA001 |e rda | ||
| 072 | 7 | |a 821.162.3-3 |x Česká próza |2 Konspekt | |
| 080 | |a 821.162.3-31 |2 MRF | ||
| 080 | |a (0:82-312.4) |2 MRF | ||
| 100 | 1 | |a Hrdlička, Lukáš, |d 1981- |7 xx0042453 |4 aut | |
| 245 | 1 | 0 | |a Neutečeš / |c Lukáš Hrdlička |
| 250 | |a Vydání první | ||
| 264 | 1 | |a Praha : |b Maraton, |c 2025 | |
| 300 | |a 431 stran ; |c 18 cm | ||
| 336 | |a text |b txt |2 rdacontent | ||
| 337 | |a bez média |b n |2 rdamedia | ||
| 338 | |a svazek |b nc |2 rdacarrier | ||
| 490 | 1 | |a Svět zločinu ; |v 2. svazek | |
| 520 | 2 | |a Akční kriminální román z pražského i severočeského podsvětí. |b V předvánočním čase se dvěma klukům poflakujícím se po pražském Andělu změní život, když se z rádoby rychlé vloupačky stane děsivé střetnutí s organizovanou skupinou, která obchoduje s drogami. Ve stejnou dobu přichází za soukromým detektivem Kobem nová klientka - chce pomoct vypátrat svého syna za každou cenu. Akční detektivka zavádí čtenáře do pražských barů a podsvětí, kde se to hemží pochybnými existencemi a nelegálními praktikami, i do zasněžených lesů kolem Děčína, odkud každý den vyjíždějí kamiony s tajemným zbožím. Napínavému příběhu dodává spád svižná dějová linka i zvláštnost detektivova nového případu. Nakladatelská anotace. Kráceno. | |
| 655 | 7 | |a české romány |7 fd133974 |2 czenas | |
| 655 | 7 | |a detektivní romány |7 fd132010 |2 czenas | |
| 655 | 9 | |a Czech fiction |2 eczenas | |
| 655 | 9 | |a detective novels |2 eczenas | |
| 830 | 0 | |a Svět zločinu | |
| 900 | |a ABA001 |b 19 | ||
| 044 | |a xr | ||
| 910 | |a RBIT002 | ||
| 998 | |d 420824 |a https://core.palmknihy.cz/api/books/420824/cover?sxmv4i |b https://core.palmknihy.cz/api/books/420824/cover/400?sxmv4i |c https://core.palmknihy.cz/api/books/420824/cover/50?sxmv4i |e 2030-04-09 |g 432 |i 9788088411390 |j https://core.palmknihy.cz/api/books/420824/preview.epub |k https://core.palmknihy.cz/api/books/420824/preview.pdf |l |q 49 |r 1 |s https://www.palmknihy.cz/kniha/420824 |t ebook |y 2025 |z 0 | ||
| 999 | |d 312742 | ||